Investičné stimuly uplatňovanie investičných stimulov podľa zákona o investičných stimuloch ...

Bibliographic Details
Main Author: Lauková, Lýdia (Author)
Format: Article
Language:Slovak
PhysicalDescription:Tab.
ISSN:1335-1583
Subjects:

MARC

LEADER 00000nab a2200000 a 4500
001 vtls000800043
003 SK-MaSNL
005 20260302155656.0
008 180206c2002 xo 0 slo
015 |a SNBRB2002/08-25806 
035 |a CLN000151698 
040 |a SNKBUCL  |b slo  |c SNKBUCL  |e AACR2 
041 0 |a slo 
044 |a xo  |c SK 
080 |a 338.246.027(437.6):658.114:340.13  |2 UDC-MRF-SK2 
080 |a 336.2.027.8(437.6)  |2 UDC-MRF-SK2 
080 |a 658.114(437.6)  |2 UDC-MRF-SK2 
100 1 |a Lauková, Lýdia  |4 aut  |9 854496 
245 1 0 |a Investičné stimuly  |b uplatňovanie investičných stimulov podľa zákona o investičných stimuloch ...  |c Lýdia Lauková 
300 |b Tab. 
650 0 7 |a stimuly investičné  |x pomoc štátna  |z Slovensko  |x úpravy právne  |2 snkbucl  |9 854497 
650 0 7 |a štátna pomoc  |2 snkbucl  |9 28699 
650 0 7 |a úvery daňové  |2 snkbucl  |9 849144 
650 0 7 |a daňové úľavy  |2 snkbucl  |9 14758 
655 7 |a články z novín a časopisov  |2 snkbucl  |9 267496 
773 0 |x 1335-1583  |t Poradca  |g Č. 9 (2002), s. 112-116 
850 |a Slovenská národná knižnica v Martine 
852 |a SNK  |b KIS3GCP 
958 |a RBX 
999 |c 1372239  |d 1374169